000 00934nam a2200253Ia 4500
003 OSt
005 20221005105347.0
006 a|||||r|||| 00| 0
007 ta
008 221004b |||||||| |||| 00| 0 hin d
020 _a8179650588 (hbk)
_c300
024 _a99950
037 _b361, 03/03/2010, Swaraj Prakashan
_cTextual
040 _aCRL
_cCRL
_bhin
041 _2hin
_ahin
082 _aP152v, M4;P4
100 _aपाठक, हरिशचन्द्र
245 0 _aहिन्दी भाषा
_b इतिहास और संरचना
246 _aHindī bhāṣhā: itihās aur sanrachanā
260 _aनई दिल्ली
_bतक्षशिला प्रकाशन भारत
_c2004
300 _a230पृ0
_ccm.
942 _hP152v, M4;P4
_cTEXL
_2cc
999 _c1015591
_d1015591